[Event "MrDodgy Inv 3 Finals"]
[Site "chess24.com INT"]
[Date "2022.11.29"]
[Round "2.8"]
[White "Van Foreest, Jorden"]
[Black "Sevian, Samuel"]
[Result "1-0"]
[WhiteTitle "GM"]
[BlackTitle "GM"]
[WhiteElo "2690"]
[BlackElo "2687"]
[WhiteFideId "1039784"]
[BlackFideId "2040506"]
[EventDate "2022.11.27"]
[EventType "k.o."]

1. e4 e5 2. Nf3 Nc6 3. Bb5 a6 4. Ba4 Nf6 5. d3 d6 6. c3 g6 7. O-O Bg7 8. Re1 O-O
9. Bg5 h6 10. Bh4 Re8 11. Nbd2 b5 12. Bc2 Bb7 13. a4 b4 14. a5 Rb8 15. Nc4 bxc3
16. bxc3 Na7 17. Ne3 Nb5 18. Qd2 d5 19. Bxf6 Bxf6 20. Ng4 dxe4 21. dxe4 h5 22.
Nxf6+ Qxf6 23. Qe3 Red8 24. Qc5 Qd6 25. Qc4 Re8 26. Ba4 Qe6 27. Bxb5 axb5 28.
Qxc7 Rec8 29. Qxe5 Qxe5 30. Nxe5 Rxc3 31. a6 Ba8 32. Nd7 Rd8 33. Nb6 Rc6 34. Nd5
Kg7 35. Reb1 Rc5 36. a7 Bxd5 37. exd5 Ra8 38. d6 Kf8 39. g3 Ke8 40. Re1+ Kd7 41.
Re7+ Kxd6 42. Rxf7 b4 43. Rb7 Rcc8 44. Rxb4 Rc7 45. Rb6+ Ke5 46. Rxg6 1-0

[Event "MrDodgy Inv 3 Finals"]
[Site "chess24.com INT"]
[Date "2022.11.29"]
[Round "2.9"]
[White "Sevian, Samuel"]
[Black "Van Foreest, Jorden"]
[Result "1/2-1/2"]
[WhiteTitle "GM"]
[BlackTitle "GM"]
[WhiteElo "2687"]
[BlackElo "2690"]
[WhiteFideId "2040506"]
[BlackFideId "1039784"]
[EventDate "2022.11.27"]
[EventType "k.o."]

1. e4 e5 2. Nf3 Nc6 3. Bc4 Nf6 4. d3 Be7 5. O-O d6 6. a3 O-O 7. Nc3 h6 8. h3 Re8
9. Re1 Bf8 10. d4 exd4 11. Nxd4 Nxd4 12. Qxd4 Be6 13. Bb5 Bd7 14. Bf1 g6 15. Bf4
Bg7 16. Qd2 g5 17. Bh2 Bc6 18. e5 dxe5 19. Qxd8 Raxd8 20. Rxe5 Nd5 21. Rxe8+
Rxe8 22. Nxd5 Bxd5 23. Rd1 c6 24. c3 Bf6 25. Bd6 Kg7 26. Bc5 a6 27. Be3 Be5 28.
Bd3 Bb3 29. Re1 Rd8 30. Bb1 Rd1 31. Rxd1 Bxd1 32. Bf5 a5 33. Bc8 b5 34. Bd7 Be2
35. Bxc6 Bc4 36. f3 Kg6 37. Kf2 a4 38. Bd4 Bf4 39. Be3 Bd6 40. g4 f5 41. Bd4
fxg4 42. Be4+ Kf7 43. hxg4 Bf4 44. Be3 Bd6 45. Ke1 Ke6 46. Kd2 Be7 47. Bd4 Bd6
48. Bg7 Kf7 49. Bd4 Ke6 50. Kc2 Bb3+ 51. Kb1 Bc4 52. Bf5+ Kf7 53. Kc2 Bb3+ 54.
Kd3 Bd1 55. Be4 Bb3 56. Bc6 Bc4+ 57. Ke4 Ke6 58. Bb7 Bf4 59. Be3 Bd6 60. Bc8+
Kf6 61. Bf5 Bb3 62. Bd4+ Kf7 63. Be3 Bc2+ 64. Kd5 Bxf5 65. gxf5 Bf4 66. Bg1 h5
67. Kc6 Bc1 68. Kxb5 Bxb2 69. c4 Bxa3 70. Kxa4 Be7 71. Kb5 Kf6 72. c5 Bxc5 73.
Kxc5 Kxf5 74. Bh2 h4 75. Kd4 g4 76. fxg4+ Kxg4 77. Ke3 Kh3 78. Bd6 Kg2 79. Be5
h3 80. Bd6 h2 81. Bxh2 1/2-1/2

[Event "MrDodgy Inv 3 Finals"]
[Site "chess24.com INT"]
[Date "2022.11.29"]
[Round "2.10"]
[White "Van Foreest, Jorden"]
[Black "Sevian, Samuel"]
[Result "0-1"]
[WhiteTitle "GM"]
[BlackTitle "GM"]
[WhiteElo "2690"]
[BlackElo "2687"]
[WhiteFideId "1039784"]
[BlackFideId "2040506"]
[EventDate "2022.11.27"]
[EventType "k.o."]

1. e4 e5 2. Nf3 Nc6 3. Bb5 a6 4. Ba4 Nf6 5. d3 d6 6. c3 g6 7. O-O Bg7 8. Bg5 O-O
9. Nbd2 h6 10. Bh4 Bd7 11. Re1 Qe8 12. Bc2 Nh5 13. Nf1 f5 14. exf5 gxf5 15. Ne3
Rc8 16. Nd5 Be6 17. Bb3 Qf7 18. Ne3 Nf4 19. Bxe6 Nxe6 20. d4 Nf4 21. Qc2 Ng6 22.
g3 e4 23. Nd2 d5 24. Ng2 f4 25. Nxf4 Nxh4 26. Qb3 Ne7 27. Qxb7 Nhg6 28. Nxg6
Nxg6 29. Re2 Rb8 30. Qxa6 Rxb2 31. Rf1 Kh7 32. f3 Rb6 33. Qa4 Rf6 34. Qc2 Kg8
35. Rff2 h5 36. c4 Bh6 37. f4 c6 38. Nf1 Ne7 39. Ne3 Bg7 40. Qd1 h4 41. Ng4 Rf5
42. Ne3 hxg3 43. hxg3 Rh5 44. Rh2 Rxh2 45. Rxh2 Qg6 46. Rg2 Nf5 47. Nxf5 Qxf5
48. cxd5 cxd5 49. a4 Qf6 50. Rd2 Qb6 51. Kg2 Qb4 52. Rc2 Qxd4 53. Rd2 Qc4 54.
Rxd5 e3 55. Qd3 Qxd3 56. Rxd3 Re8 57. Kf1 e2+ 58. Ke1 Bf8 59. Rb3 Bc5 60. Rb1
Re4 61. a5 Bb4+ 62. Rxb4 Rxb4 63. Kxe2 Ra4 64. Kf3 Kf7 65. g4 Kf6 66. g5+ Kf5 0-1

[Event "MrDodgy Inv 3 Finals"]
[Site "chess24.com INT"]
[Date "2022.11.29"]
[Round "2.11"]
[White "Sevian, Samuel"]
[Black "Van Foreest, Jorden"]
[Result "1-0"]
[WhiteTitle "GM"]
[BlackTitle "GM"]
[WhiteElo "2687"]
[BlackElo "2690"]
[WhiteFideId "2040506"]
[BlackFideId "1039784"]
[EventDate "2022.11.27"]
[EventType "k.o."]

1. d4 Nf6 2. c4 e6 3. Nf3 Bb4+ 4. Bd2 Bxd2+ 5. Qxd2 O-O 6. Nc3 d5 7. e3 Qe7 8.
Be2 dxc4 9. Bxc4 a6 10. Be2 b5 11. a4 b4 12. Na2 c5 13. dxc5 a5 14. Qd6 Qxd6 15.
cxd6 Rd8 16. Nc1 Rxd6 17. Nb3 Nbd7 18. O-O e5 19. Rfd1 Rxd1+ 20. Rxd1 Kf8 21.
Bb5 Ke7 22. Rc1 Ne4 23. Bc6 1-0

[Event "MrDodgy Inv 3 Finals"]
[Site "chess24.com INT"]
[Date "2022.11.29"]
[Round "2.1"]
[White "Grischuk, Alexander"]
[Black "Pichot, Alan"]
[Result "1/2-1/2"]
[WhiteTitle "GM"]
[BlackTitle "GM"]
[WhiteElo "2745"]
[BlackElo "2637"]
[WhiteFideId "4126025"]
[BlackFideId "110973"]
[EventDate "2022.11.27"]
[EventType "k.o."]

1. Nf3 Nf6 2. g3 d5 3. Bg2 e6 4. O-O c5 5. c4 d4 6. e3 Nc6 7. exd4 cxd4 8. d3 h6
9. Re1 Bd6 10. Na3 O-O 11. Nc2 e5 12. b4 Re8 13. c5 Bc7 14. b5 Nb8 15. a4 Nbd7
16. Ba3 Nf8 17. Nd2 Ng6 18. Nc4 Rb8 19. Qd2 Be6 20. b6 axb6 21. cxb6 Bxb6 22.
Nxe5 Bf5 23. Nc4 Rxe1+ 24. Rxe1 Be6 25. Nxb6 Qxb6 26. Qb4 Qxb4 27. Bxb4 Bb3 28.
Nxd4 Bxa4 29. Nf5 Bd7 30. Nd6 Bc6 31. Ne4 Nd5 32. Ba3 Ra8 33. Bd6 Rd8 34. Bc5
Ne5 35. d4 Nd3 36. Rd1 Nb2 37. Rb1 Nd3 38. Rd1 Nb2 39. Rb1 Nd3 40. Rd1 1/2-1/2

[Event "MrDodgy Inv 3 Finals"]
[Site "chess24.com INT"]
[Date "2022.11.29"]
[Round "2.2"]
[White "Pichot, Alan"]
[Black "Grischuk, Alexander"]
[Result "0-1"]
[WhiteTitle "GM"]
[BlackTitle "GM"]
[WhiteElo "2637"]
[BlackElo "2745"]
[WhiteFideId "110973"]
[BlackFideId "4126025"]
[EventDate "2022.11.27"]
[EventType "k.o."]

1. e4 e6 2. d4 d5 3. Nc3 Nf6 4. e5 Nfd7 5. f4 c5 6. Nf3 Nc6 7. Be3 cxd4 8. Nxd4
Qb6 9. Qd2 Qxb2 10. Rb1 Qa3 11. Bb5 Nxd4 12. Bxd4 a6 13. Bxd7+ Bxd7 14. Rb3 Qe7
15. Rxb7 Qh4+ 16. Bf2 Qd8 17. Bb6 Qc8 18. Rc7 Qd8 19. Qd4 Ba3 20. f5 O-O 21. f6
gxf6 22. exf6 Kh8 23. O-O Rc8 24. Qe5 Rg8 25. Rf3 Rxc7 26. Bxc7 Qf8 27. Rh3 Rg6
28. Ne2 Qc5+ 29. Qd4 Bb5 30. Rc3 Bc4 31. Bb6 Qxd4+ 32. Bxd4 Bd6 33. Re3 h5 34.
a4 Kh7 35. g3 h4 36. Kf2 Bxe2 37. Rxe2 hxg3+ 38. hxg3 Bxg3+ 39. Kf3 Bd6 40. Ke3
Rg3+ 41. Kd2 Kg6 42. c3 Bf4+ 43. Kc2 Rg5 44. Kb3 e5 45. Bb6 Rg3 46. Bc7 Kxf6 47.
Rf2 Ke6 48. Kb4 f5 49. Re2 Rg7 50. Bb6 e4 51. a5 Be5 52. c4 d4 53. c5 d3 54. Rd2
Kd5 55. c6 Kxc6 56. Kc4 Rd7 57. Bc5 Rd5 58. Bb6 f4 59. Rh2 d2 60. Rh6+ Bd6 61.
Rh1 d1=Q 62. Rxd1 Rxd1 0-1

[Event "MrDodgy Inv 3 Finals"]
[Site "chess24.com INT"]
[Date "2022.11.29"]
[Round "2.3"]
[White "Grischuk, Alexander"]
[Black "Pichot, Alan"]
[Result "0-1"]
[WhiteTitle "GM"]
[BlackTitle "GM"]
[WhiteElo "2745"]
[BlackElo "2637"]
[WhiteFideId "4126025"]
[BlackFideId "110973"]
[EventDate "2022.11.27"]
[EventType "k.o."]

1. Nf3 Nf6 2. g3 d5 3. Bg2 e6 4. O-O c5 5. c4 d4 6. e3 Nc6 7. exd4 cxd4 8. d3 h6
9. Re1 Bd6 10. Na3 O-O 11. Nc2 e5 12. b4 a6 13. b5 axb5 14. cxb5 Nb4 15. Nxe5
Rxa2 16. Rxa2 Nxa2 17. Ba3 Nc3 18. Qa1 Nxb5 19. Bxd6 Qxd6 20. Nc4 Qd8 21. Qa4
Nc3 22. Qb4 Re8 23. Ne5 Qc7 24. Qxd4 Nb5 25. Qb2 Nd6 26. d4 Be6 27. Ne3 b5 28.
Rc1 Qa7 29. Qb4 Nc4 30. N5xc4 bxc4 31. d5 Bd7 32. Qxc4 Rxe3 33. fxe3 Qxe3+ 34.
Kh1 Ng4 35. h3 Nf6 36. Qf4 Qe2 37. Qf3 Qd2 38. Qc3 Qe2 39. Qc2 Qe3 40. Kh2 h5
41. Qc3 Qf2 42. Rc2 Qf5 43. Ra2 Nxd5 44. Qc2 Qxc2 45. Rxc2 Nf6 46. Rd2 Be6 47.
Rd4 g6 48. Rb4 Kg7 49. Rb6 Nd7 50. Rb5 Nf6 51. Bf3 Ne8 52. Kg2 Nd6 53. Ra5 Nf5
54. Kf2 Nd4 55. Bg2 Nb3 56. Ra3 Nc5 57. h4 Nd7 58. Ke3 Nf6 59. Ra7 Ng4+ 60. Kd4
Nf6 61. Bf3 Ne8 62. Bd5 Bxd5 63. Kxd5 Nf6+ 64. Ke5 Ng8 65. Kd6 Nh6 66. Ra5 Nf5+
67. Ke5 Nxg3 68. Kf4 Nf5 69. Kg5 Nh6 70. Kf4 Ng8 71. Kg3 Nf6 72. Kh3 Ne4 73. Ra8
Nd6 74. Kh2 Nf5 75. Kh3 g5 76. hxg5 Kg6 77. Ra6+ Kxg5 78. Ra7 f6 79. Ra8 Kg6 80.
Rg8+ Ng7 81. Ra8 Kg5 82. Ra7 Ne6 83. Ra6 Nf4+ 84. Kh2 h4 85. Ra5+ Kg4 86. Ra4 f5
87. Ra5 Kg5 88. Ra4 Kg4 89. Ra5 Nh5 90. Ra4+ f4 91. Ra5 Ng3 92. Ra4 Nf1+ 93. Kg1
Ne3 0-1

[Event "MrDodgy Inv 3 Finals"]
[Site "chess24.com INT"]
[Date "2022.11.29"]
[Round "2.4"]
[White "Pichot, Alan"]
[Black "Grischuk, Alexander"]
[Result "1-0"]
[WhiteTitle "GM"]
[BlackTitle "GM"]
[WhiteElo "2637"]
[BlackElo "2745"]
[WhiteFideId "110973"]
[BlackFideId "4126025"]
[EventDate "2022.11.27"]
[EventType "k.o."]

1. e4 e6 2. d4 d5 3. Nc3 Nf6 4. e5 Nfd7 5. f4 c5 6. Nf3 Nc6 7. Be3 cxd4 8. Nxd4
Qb6 9. Qd2 Qxb2 10. Rb1 Qa3 11. Bb5 Nxd4 12. Bxd4 a6 13. Bxd7+ Bxd7 14. Rb3 Qe7
15. Rxb7 Qh4+ 16. Bf2 Qd8 17. Bb6 Qc8 18. Rc7 Qd8 19. Qd4 Ba3 20. f5 O-O 21. f6
gxf6 22. O-O f5 23. Rf3 Bb2 24. Rb7 Qc8 25. Rg3+ Kh8 26. Qh4 f6 27. exf6 Rf7 28.
Rg7 Rxg7 29. fxg7+ Kg8 30. Rc7 Qe8 31. Bd4 Rc8 32. Rxc8 Qxc8 33. Qe7 Qe8 34. Qd6
f4 35. Qxf4 Ba3 36. Nd1 e5 37. Qxe5 Qxe5 38. Bxe5 Bc5+ 39. Kf1 Bb5+ 40. Ke1 Bc4
41. a4 d4 42. c3 dxc3 43. Bxc3 Bd5 44. g3 a5 45. Nb2 Bb3 46. Kd2 Ba3 47. Nd3
Bxa4 48. Bxa5 Kxg7 49. Bc3+ Kg8 50. Bb2 Bd6 51. Bd4 Bb5 52. Nf2 Be7 53. Ke3 Bc6
54. Nd3 Be8 55. Ne5 Bg5+ 56. Kf2 Be7 57. Nf3 Bf8 58. Ke3 Bf7 59. Be5 Be8 60. g4
Bc5+ 61. Kf4 Be7 62. h4 Bf8 63. h5 Be7 64. h6 Bf8 65. g5 Be7 66. Bf6 Bd6+ 67.
Be5 Be7 68. Nd4 Bg6 69. Nc6 Bf8 70. Bf6 Kf7 71. Ne5+ Kg8 72. Nxg6 hxg6 73. Ke5
Kh7 74. Bg7 Be7 75. Bf6 Bf8 76. Bg7 Be7 77. Kf4 Bd6+ 78. Kg4 Be7 79. Kh4 Bd6 80.
Bf6 Bc7 81. Bd4 Bd6 82. Be3 Bf8 83. Kg4 Bxh6 84. Kf3 1-0

[Event "MrDodgy Inv 3 Finals"]
[Site "chess24.com INT"]
[Date "2022.11.29"]
[Round "2.5"]
[White "Grischuk, Alexander"]
[Black "Pichot, Alan"]
[Result "1-0"]
[WhiteTitle "GM"]
[BlackTitle "GM"]
[WhiteElo "2745"]
[BlackElo "2637"]
[WhiteFideId "4126025"]
[BlackFideId "110973"]
[EventDate "2022.11.27"]
[EventType "k.o."]

1. Nf3 Nf6 2. g3 d5 3. Bg2 e6 4. O-O c5 5. c4 d4 6. e3 Nc6 7. exd4 cxd4 8. d3 h6
9. Re1 Bd6 10. Na3 O-O 11. Nc2 e5 12. b4 a6 13. b5 axb5 14. cxb5 Nb4 15. Nxb4
Bxb4 16. Bd2 Qa5 17. Rxe5 Bc3 18. Rc1 Bxd2 19. Qxd2 Qxd2 20. Nxd2 Rxa2 21. Ne4
Nxe4 22. Bxe4 b6 23. Kg2 Be6 24. Bd5 Bxd5+ 25. Rxd5 Re8 26. Rc6 Ree2 27. Rf5
Rad2 28. Rc8+ Kh7 29. Rxf7 Re6 30. h4 Rxd3 31. h5 Re5 32. g4 Rc5 33. Rd8 Rg5 34.
f3 1-0

[Event "MrDodgy Inv 3 Finals"]
[Site "chess24.com INT"]
[Date "2022.11.29"]
[Round "2.6"]
[White "Pichot, Alan"]
[Black "Grischuk, Alexander"]
[Result "0-1"]
[WhiteTitle "GM"]
[BlackTitle "GM"]
[WhiteElo "2637"]
[BlackElo "2745"]
[WhiteFideId "110973"]
[BlackFideId "4126025"]
[EventDate "2022.11.27"]
[EventType "k.o."]

1. e4 c5 2. Nf3 Nc6 3. d4 cxd4 4. Nxd4 Nf6 5. Nc3 e5 6. Ndb5 d6 7. Bg5 a6 8. Na3
b5 9. Nab1 Be7 10. Bxf6 Bxf6 11. a4 b4 12. Nd5 O-O 13. Bc4 Bg5 14. O-O Kh8 15.
c3 bxc3 16. bxc3 f5 17. exf5 Bxf5 18. Na3 e4 19. Nc2 Ne5 20. Be2 Be6 21. Nce3
Nd7 22. a5 Nc5 23. Bc4 Ra7 24. Qe2 Raf7 25. Bxa6 Bh4 26. g3 Bg5 27. Bc4 Bh3 28.
a6 Bxf1 29. Rxf1 Ra7 30. Nb4 Bxe3 31. Qxe3 Qc8 32. Rd1 Rd7 33. Bb5 Rdf7 34. Rd2
Rf3 35. Qe1 e3 36. fxe3 Ne4 37. Rd4 Ng5 38. Bc6 Nh3+ 39. Kg2 Rf2+ 0-1

[Event "MrDodgy Inv 3 Finals"]
[Site "chess24.com INT"]
[Date "2022.11.29"]
[Round "2.7"]
[White "Grischuk, Alexander"]
[Black "Pichot, Alan"]
[Result "1/2-1/2"]
[WhiteTitle "GM"]
[BlackTitle "GM"]
[WhiteElo "2745"]
[BlackElo "2637"]
[WhiteFideId "4126025"]
[BlackFideId "110973"]
[EventDate "2022.11.27"]
[EventType "k.o."]

1. Nf3 Nf6 2. g3 d5 3. Bg2 e6 4. O-O Be7 5. c4 O-O 6. d4 dxc4 7. Qc2 a6 8. a4 c5
9. dxc5 Bxc5 10. Nbd2 b5 11. Ng5 Ra7 12. Nde4 Nxe4 13. Nxe4 Bd4 14. Ng5 g6 15.
axb5 axb5 16. Rxa7 Bxa7 17. Ne4 f5 18. Bg5 Qd4 19. Rd1 Qb6 20. Nf6+ Rxf6 21.
Bxf6 Qxf2+ 22. Kh1 Bd7 23. Qd2 Bc5 24. Ra1 Bc6 25. Bxc6 Nxc6 26. Bg5 Qd4 27.
Qxd4 Bxd4 28. Ra6 Nb4 29. Rxe6 Bxb2 30. Rb6 c3 31. Rxb5 Nc2 32. Rb7 Nd4 33. Rc7
Ne6 34. Rc8+ Kf7 35. Be3 g5 36. Kg2 f4 37. gxf4 gxf4 38. Bf2 Kf6 39. Kf3 Ke5 40.
e3 Ng5+ 41. Ke2 f3+ 42. Kd3 Ne4 43. Re8+ Kd5 44. Rxe4 c2 45. Rc4 c1=Q 46. Rxc1
Bxc1 47. Bg3 Ke6 48. Ke4 Bb2 49. Kxf3 Bf6 50. Kg4 Kf7 51. Bf4 Kg6 52. e4 h5+ 53.
Kf3 Kf7 54. Bg3 Be7 55. Kf4 Kg6 56. Ke5 Bg5 57. Ke6 h4 58. Bxh4 Bxh4 59. e5 Bf2
60. Kd7 Bg1 61. e6 Bc5 62. e7 Bxe7 63. Kxe7 Kh5 64. Ke6 Kh4 65. Kf5 Kh3 66. Kf4
Kxh2 1/2-1/2

[Event "MrDodgy Inv 3 Finals"]
[Site "chess24.com INT"]
[Date "2022.11.29"]
[Round "2.8"]
[White "Pichot, Alan"]
[Black "Grischuk, Alexander"]
[Result "1-0"]
[WhiteTitle "GM"]
[BlackTitle "GM"]
[WhiteElo "2637"]
[BlackElo "2745"]
[WhiteFideId "110973"]
[BlackFideId "4126025"]
[EventDate "2022.11.27"]
[EventType "k.o."]

1. e4 c5 2. Nf3 Nc6 3. Bb5 e6 4. Bxc6 bxc6 5. d3 Qc7 6. Nbd2 e5 7. a3 a5 8. Nc4
d6 9. a4 Nf6 10. h3 Be7 11. O-O O-O 12. Bd2 Be6 13. b3 Nd7 14. Bc3 f5 15. Re1
Rf7 16. Qd2 fxe4 17. dxe4 Bxc4 18. bxc4 Nf8 19. Ng5 Rf4 20. g3 Bxg5 21. gxf4
Bxf4 22. Qe2 Ng6 23. Rab1 Rf8 24. Kh1 Bg5 25. Rg1 Bh4 26. f3 Nf4 27. Qf1 h5 28.
Bd2 Ne6 29. Qg2 Qf7 30. Rb3 Kh7 31. Rd3 Nd4 32. c3 Ne6 33. Rxd6 Bf6 34. Be3 Rc8
35. Rgd1 Rc7 36. Qg3 Qe7 37. h4 Qf7 38. Qh3 Nf8 39. Qf5+ Kg8 40. Bxc5 Qxc4 41.
Rxf6 Qxc5 42. Rg1 Qe7 43. f4 exf4 44. e5 f3 45. Qxf3 Nh7 46. Rd6 Qxh4+ 47. Kg2
Rf7 48. Qg3 Qe4+ 49. Kh2 h4 50. Qg6 Qxe5+ 51. Kh1 Nf8 52. Qd3 Rf2 53. Rg2 Rxg2
54. Kxg2 Qg5+ 55. Kf2 Qf4+ 56. Ke2 h3 57. Rd4 Qe5+ 58. Re4 Qh5+ 59. Qf3 Qd5 60.
Rf4 Qf5 61. Rxf5 Ne6 62. Qe4 Nc7 63. Qe7 Nd5 64. Qe8+ Kh7 65. Rh5# 1-0

[Event "MrDodgy Inv 3 Finals"]
[Site "chess24.com INT"]
[Date "2022.11.29"]
[Round "2.9"]
[White "Grischuk, Alexander"]
[Black "Pichot, Alan"]
[Result "1-0"]
[WhiteTitle "GM"]
[BlackTitle "GM"]
[WhiteElo "2745"]
[BlackElo "2637"]
[WhiteFideId "4126025"]
[BlackFideId "110973"]
[EventDate "2022.11.27"]
[EventType "k.o."]

1. Nf3 Nf6 2. g3 d5 3. Bg2 e6 4. O-O c5 5. c4 d4 6. e3 Nc6 7. exd4 cxd4 8. d3 h6
9. Re1 Nd7 10. Na3 Bc5 11. Nc2 O-O 12. a3 a5 13. b3 e5 14. Bd2 Re8 15. b4 Bf8
16. c5 Nf6 17. b5 Na7 18. a4 Bg4 19. h3 Bxf3 20. Qxf3 Rb8 21. Na3 Bxc5 22. Nc4
b6 23. Rxe5 Rxe5 24. Nxe5 Qf8 25. Bxh6 Re8 26. Qxf6 gxf6 27. Bxf8 Rxe5 28. f4
Kxf8 29. fxe5 fxe5 30. Re1 f6 31. Be4 Nc8 32. Kg2 Nd6 33. g4 Kg7 34. Kf3 Bb4 35.
Rc1 Bc3 36. h4 Kh6 37. g5+ fxg5 38. hxg5+ Kxg5 39. Rg1+ Kf6 40. Rg6+ Ke7 41. Bd5
Bd2 42. Re6+ Kd7 43. Rxe5 Bc3 44. Rh5 Ke7 45. Kf4 Bd2+ 46. Ke5 1-0

[Event "MrDodgy Inv 3 Finals"]
[Site "chess24.com INT"]
[Date "2022.11.29"]
[Round "2.10"]
[White "Pichot, Alan"]
[Black "Grischuk, Alexander"]
[Result "0-1"]
[WhiteTitle "GM"]
[BlackTitle "GM"]
[WhiteElo "2637"]
[BlackElo "2745"]
[WhiteFideId "110973"]
[BlackFideId "4126025"]
[EventDate "2022.11.27"]
[EventType "k.o."]

1. e4 c5 2. Nf3 Nc6 3. Bb5 e6 4. Bxc6 bxc6 5. d3 Qc7 6. Qe2 e5 7. O-O Nf6 8.
Nfd2 Be7 9. Nc3 O-O 10. f4 exf4 11. Nc4 f3 12. Qxf3 d5 13. Bf4 Qb7 14. Ne5 Be6
15. b3 Rfe8 16. Na4 dxe4 17. dxe4 c4 18. Kh1 cxb3 19. axb3 c5 20. Rfe1 Rad8 21.
Nd3 Qc6 22. Nab2 Bg4 23. Qg3 Be6 24. Qf3 Bg4 25. Ne5 Qe6 26. Nxg4 Nxg4 27. Rxa7
Bf6 28. Nd3 Bd4 29. Rc7 Rc8 30. Rxc8 Rxc8 31. h3 Nf6 32. c4 Nd7 33. e5 Nf8 34.
Qd5 Qg6 35. Qf3 Ne6 36. Bh2 h6 37. Nf4 Nxf4 38. Bxf4 Qe6 39. Qd5 Rb8 40. Qxe6
fxe6 41. Rb1 g5 42. Bg3 Kg7 43. Kh2 h5 44. h4 gxh4 45. Bf4 Kg6 46. g3 Kf5 47.
Rf1 Rxb3 48. gxh4 Ke4 49. Bg3 Rf3 50. Re1+ Re3 51. Rf1 Bxe5 52. Bxe5 Kxe5 53.
Rf8 Kd4 54. Rd8+ Kxc4 55. Rh8 Re5 56. Kg3 Kd4 57. Kf4 c4 58. Rd8+ Rd5 59. Re8 c3
60. Rxe6 c2 61. Re1 Kc3 0-1

[Event "MrDodgy Inv 3 Finals"]
[Site "chess24.com INT"]
[Date "2022.11.29"]
[Round "2.11"]
[White "Grischuk, Alexander"]
[Black "Pichot, Alan"]
[Result "1-0"]
[WhiteTitle "GM"]
[BlackTitle "GM"]
[WhiteElo "2745"]
[BlackElo "2637"]
[WhiteFideId "4126025"]
[BlackFideId "110973"]
[EventDate "2022.11.27"]
[EventType "k.o."]

1. Nf3 d5 2. g3 Nf6 3. Bg2 e6 4. O-O c5 5. c4 d4 6. e3 Nc6 7. exd4 cxd4 8. d3 h6
9. Re1 Nd7 10. Na3 Bc5 11. Nc2 O-O 12. a3 a5 13. b3 e5 14. Rb1 Re8 15. b4 axb4
16. axb4 Bd6 17. c5 Bf8 18. Na3 Nf6 19. b5 Nb8 20. Nxe5 Bxc5 21. Nac4 Nbd7 22.
Nxd7 Rxe1+ 23. Qxe1 Qxd7 24. Bf4 Qf5 25. Bd6 Bxd6 26. Nxd6 Qxd3 27. Rd1 Qb3 28.
Rxd4 Qb2 29. Rd1 Bg4 30. Rb1 Qd4 31. Nxb7 Re8 32. Qc1 Re2 33. Qc5 Qd3 34. Rf1
Rb2 35. Qe3 Qxe3 36. fxe3 Rxb5 37. Nd6 Re5 38. Re1 Be6 39. h3 Kf8 40. Kf2 Ke7
41. Rd1 Ra5 42. Rd4 Ra2+ 43. Kg1 Re2 44. Ne4 Rxe3 45. Nxf6 Kxf6 46. Kf2 Ra3 47.
Rf4+ Ke5 48. h4 Ra2+ 49. Kg1 Ra3 50. Kf2 f5 51. Rb4 Rc3 52. Rb5+ Kf6 53. Rb6 Rc5
54. Ra6 Rc2+ 55. Kg1 Ke5 56. Ra5+ Kd4 57. Ra6 Rc1+ 58. Kf2 Ke5 59. Ra5+ Kf6 60.
Ra6 Rc5 61. Kg1 g5 62. hxg5+ hxg5 63. Rb6 Ke5 64. Kf2 Rc2+ 65. Kg1 Bc4 66. Rb8
Rc1+ 67. Kf2 Rc2+ 68. Kg1 Rc3 69. Re8+ Kf6 70. Kf2 Be6 71. Rf8+ Ke5 72. Rb8 Rc2+
73. Kg1 f4 74. Kf1 fxg3 75. Rb4 Bc4+ 76. Ke1 Rxg2 77. Rxc4 Rf2 78. Rg4 Rf3 79.
Ke2 Ra3 80. Rxg5+ Kf4 81. Rg8 Ra2+ 82. Kf1 Ra7 83. Kg2 Ra2+ 84. Kg1 Ra1+ 85. Kg2
Ra5 86. Rf8+ Rf5 87. Rg8 Re5 88. Rf8+ Ke4 89. Rg8 Rg5 90. Rxg5 Kf4 91. Rxg3 Kf5
92. Rf3+ Ke5 93. Rg3 1-0

[Event "MrDodgy Inv 3 Finals"]
[Site "chess24.com INT"]
[Date "2022.11.30"]
[Round "3.2"]
[White "Sevian, Samuel"]
[Black "Carlsen, Magnus"]
[Result "0-1"]
[WhiteTitle "GM"]
[BlackTitle "GM"]
[WhiteElo "2687"]
[BlackElo "2859"]
[WhiteFideId "2040506"]
[BlackFideId "1503014"]
[EventDate "2022.11.27"]
[EventType "k.o."]

1. d4 Nf6 2. c4 e6 3. Nc3 Bb4 4. f3 d5 5. a3 Bf8 6. e4 dxe4 7. fxe4 c5 8. d5
exd5 9. exd5 Bd6 10. Be2 O-O 11. Nf3 Bg4 12. O-O Nbd7 13. Nh4 Bxe2 14. Nxe2 Re8
15. Nf5 Be5 16. Qd3 b5 17. cxb5 c4 18. Qf3 Nc5 19. d6 Bxd6 20. Be3 Nd3 21. Ned4
Bf8 22. Kh1 Qd5 23. Qg3 g6 24. Nc6 Qxb5 25. Nfd4 Ne4 26. Qh4 Qd5 27. Rf3 Rac8
28. Raf1 Rc7 29. Rh3 h5 30. Rf5 gxf5 31. Rf3 Rxc6 0-1

[Event "MrDodgy Inv 3 Finals"]
[Site "chess24.com INT"]
[Date "2022.11.30"]
[Round "3.3"]
[White "Carlsen, Magnus"]
[Black "Sevian, Samuel"]
[Result "1-0"]
[WhiteTitle "GM"]
[BlackTitle "GM"]
[WhiteElo "2859"]
[BlackElo "2687"]
[WhiteFideId "1503014"]
[BlackFideId "2040506"]
[EventDate "2022.11.27"]
[EventType "k.o."]

1. e4 c6 2. d4 d5 3. exd5 cxd5 4. Bd3 Nc6 5. c3 Qc7 6. Na3 Nf6 7. h3 g6 8. Ne2
Bf5 9. Bf4 Qd7 10. O-O Bxd3 11. Qxd3 Bg7 12. Nc2 O-O 13. Ne1 Qf5 14. Qxf5 gxf5
15. Nd3 e6 16. f3 Nd7 17. g4 fxg4 18. hxg4 Rfe8 19. Kf2 Rac8 20. Rh1 f6 21. Rh5
e5 22. Be3 Nf8 23. Ng3 Na5 24. Nf5 Nc4 25. Rah1 a5 26. Bc1 b5 27. b3 Nb6 28. Nd6
Rxc3 29. Nxe8 Rxd3 30. Nxg7 Kxg7 31. dxe5 fxe5 32. Bh6+ Kg8 33. Bxf8 Kxf8 34.
Rxh7 1-0

[Event "MrDodgy Inv 3 Finals"]
[Site "chess24.com INT"]
[Date "2022.11.30"]
[Round "3.4"]
[White "Sevian, Samuel"]
[Black "Carlsen, Magnus"]
[Result "0-1"]
[WhiteTitle "GM"]
[BlackTitle "GM"]
[WhiteElo "2687"]
[BlackElo "2859"]
[WhiteFideId "2040506"]
[BlackFideId "1503014"]
[EventDate "2022.11.27"]
[EventType "k.o."]

1. e4 e5 2. Nf3 Nc6 3. Bc4 Nf6 4. d3 Be7 5. O-O O-O 6. Nc3 d6 7. a3 h6 8. h3 Re8
9. Re1 Bf8 10. d4 Bd7 11. Be3 exd4 12. Nxd4 Ne5 13. Ba2 c6 14. f4 Ng6 15. Qd3
Qa5 16. e5 dxe5 17. b4 Qd8 18. Qxg6 Nd5 19. Bxd5 cxd5 20. Qg3 exd4 21. Bxd4
Rxe1+ 22. Rxe1 Bf5 23. Re5 Bxc2 24. Rxd5 Qe8 25. Re5 Qd7 26. Nd5 Kh7 27. Qf2 Rc8
28. Bxa7 Bb3 29. Ne3 f6 30. Rh5 Qd3 31. Bc5 Bf7 32. Rh4 Rxc5 0-1

[Event "MrDodgy Inv 3 Finals"]
[Site "chess24.com INT"]
[Date "2022.11.30"]
[Round "3.5"]
[White "Carlsen, Magnus"]
[Black "Sevian, Samuel"]
[Result "1/2-1/2"]
[WhiteTitle "GM"]
[BlackTitle "GM"]
[WhiteElo "2859"]
[BlackElo "2687"]
[WhiteFideId "1503014"]
[BlackFideId "2040506"]
[EventDate "2022.11.27"]
[EventType "k.o."]

1. e4 e5 2. Nf3 Nc6 3. Bb5 a6 4. Ba4 Nf6 5. O-O Be7 6. Re1 b5 7. Bb3 O-O 8. h3
Bb7 9. d3 d5 10. exd5 Nxd5 11. a4 Nd4 12. Nbd2 Nxb3 13. Nxb3 f6 14. Na5 Qc8 15.
Bd2 Rd8 16. Qe2 c5 17. Qe4 Rb8 18. axb5 axb5 19. Nxb7 Qxb7 20. Nh4 Bf8 21. Nf5
Ne7 22. Nxe7+ Bxe7 23. Be3 Qxe4 24. dxe4 Ra8 25. Kf1 Kf7 26. Ke2 Ke6 27. b3 g6
28. f3 f5 29. Red1 f4 30. Bf2 Rxd1 31. Rxa8 Rc1 32. Ra6+ Kd7 33. Ra2 c4 34. bxc4
bxc4 35. Kd2 Rf1 36. Ke2 Rc1 37. Kd2 Rf1 38. Ke2 Rc1 1/2-1/2